<?xml version="1.0" encoding="UTF-8"?>
<record
    xmlns:xsi="http://www.w3.org/2001/XMLSchema-instance"
    xsi:schemaLocation="http://www.loc.gov/MARC21/slim http://www.loc.gov/standards/marcxml/schema/MARC21slim.xsd"
    xmlns="http://www.loc.gov/MARC21/slim">

  <leader>02821cam a22003375a 4500</leader>
  <controlfield tag="001">18798560</controlfield>
  <controlfield tag="005">20160925161410.0</controlfield>
  <controlfield tag="008">150929s2016    mdua   frb    001 0 eng d</controlfield>
  <datafield tag="010" ind1=" " ind2=" ">
    <subfield code="a">  2015025833</subfield>
  </datafield>
  <datafield tag="020" ind1=" " ind2=" ">
    <subfield code="a">9781442257931 (pbk.)</subfield>
  </datafield>
  <datafield tag="020" ind1=" " ind2=" ">
    <subfield code="a">1442257938 (pbk.)</subfield>
  </datafield>
  <datafield tag="040" ind1=" " ind2=" ">
    <subfield code="a">DLC</subfield>
    <subfield code="b">eng</subfield>
    <subfield code="c">DLC</subfield>
    <subfield code="d">EG-ScBUE </subfield>
  </datafield>
  <datafield tag="042" ind1=" " ind2=" ">
    <subfield code="a">pcc</subfield>
  </datafield>
  <datafield tag="043" ind1=" " ind2=" ">
    <subfield code="a">n-us---</subfield>
  </datafield>
  <datafield tag="082" ind1="0" ind2="4">
    <subfield code="2">22</subfield>
    <subfield code="a">028.7071173</subfield>
    <subfield code="b">NEW</subfield>
  </datafield>
  <datafield tag="245" ind1="0" ind2="4">
    <subfield code="a">The new information literacy instruction :</subfield>
    <subfield code="b">best practices /</subfield>
    <subfield code="c">edited by Patrick Ragains, M. Sandra Wood.</subfield>
  </datafield>
  <datafield tag="260" ind1=" " ind2=" ">
    <subfield code="a">Lanham, Maryland :</subfield>
    <subfield code="b">Rowman &amp; Littlefield,</subfield>
    <subfield code="c">c.2016.</subfield>
  </datafield>
  <datafield tag="300" ind1=" " ind2=" ">
    <subfield code="a">xiii, 230 p.:</subfield>
    <subfield code="b">ill. ;</subfield>
    <subfield code="c">24 cm.</subfield>
  </datafield>
  <datafield tag="490" ind1="0" ind2=" ">
    <subfield code="a">Best practices in library services</subfield>
  </datafield>
  <datafield tag="500" ind1=" " ind2=" ">
    <subfield code="a">Index : p. 217-223.</subfield>
  </datafield>
  <datafield tag="504" ind1=" " ind2=" ">
    <subfield code="a">Includes bibliographical references.</subfield>
  </datafield>
  <datafield tag="505" ind1="0" ind2=" ">
    <subfield code="a">Think like a researcher : integrating the research process into the introductory composition curriculum / Susan Mikkelsen and Elizabeth McMunn-Tetangco -- Pairing course assessment with library instruction assessment of freshmen composition : a collaborative project / Heidi Slater, Michelle Rachal, and Patrick Ragains -- Best practices in information literacy instruction in health science education : case study of developing an information literacy program in a college of medicine / Suzanne Shurtz and Laura Ferguson -- Developing, teaching, and revising a credit-bearing information literacy course : research in the information age / Patrick Ragains -- Building bridges for student success / Cindy A. Gruwell -- Right on time : best practice in one-shot instruction / Heidi Buchanan and Beth McDonough -- The role of the flipped classroom in information literacy programs / Sara Arnold-Garza -- Visual literacy / Benjamin R. Harris -- Information and scientific literacy support : aligning instruction with standards and frames to prepare students for research and lifelong learning / Michele R. Tennant, Mary E. Edwards, Hannah F. Norton, and Sara Russell Gonzalez -- Diving into data : developing data fluency for librarians / Scott Martin and Jo Angela Oehrli -- Teaching spatial literacy : location, distance, and scale / Eva Dodsworth and Larry Lalibert&#xFFFD;e -- Best practices for teaching with primary sources : a case study / Ellen Swain -- Digitizing history : a new course that brings history to wider audiences / Patrick Ragains.</subfield>
  </datafield>
  <datafield tag="650" ind1=" " ind2="7">
    <subfield code="a">Information literacy </subfield>
    <subfield code="x">Study and teaching (Higher)</subfield>
    <subfield code="z">United States.</subfield>
    <subfield code="2">BUEsh</subfield>
    <subfield code="9">41214</subfield>
  </datafield>
  <datafield tag="650" ind1=" " ind2="7">
    <subfield code="a">Research</subfield>
    <subfield code="x">Methodology </subfield>
    <subfield code="x">Study and teaching (Higher) </subfield>
    <subfield code="z">United States.</subfield>
    <subfield code="2">BUEsh</subfield>
    <subfield code="9">41215</subfield>
  </datafield>
  <datafield tag="650" ind1=" " ind2="7">
    <subfield code="a">Academic libraries</subfield>
    <subfield code="x">Relations with faculty and curriculum </subfield>
    <subfield code="z">United States.</subfield>
    <subfield code="2">BUEsh</subfield>
    <subfield code="9">41216</subfield>
  </datafield>
  <datafield tag="651" ind1=" " ind2=" ">
    <subfield code="2">BUEsh</subfield>
  </datafield>
  <datafield tag="653" ind1=" " ind2=" ">
    <subfield code="b">GGEN</subfield>
    <subfield code="c">September2016</subfield>
  </datafield>
  <datafield tag="700" ind1="1" ind2=" ">
    <subfield code="a">Ragains, Patrick&#x200F; </subfield>
    <subfield code="e">editor.</subfield>
    <subfield code="9">41212</subfield>
  </datafield>
  <datafield tag="700" ind1="1" ind2=" ">
    <subfield code="a">Wood, M. Sandra&#x200F; </subfield>
    <subfield code="e">editor.</subfield>
    <subfield code="9">41213</subfield>
  </datafield>
  <datafield tag="942" ind1=" " ind2=" ">
    <subfield code="2">ddc</subfield>
    <subfield code="e">22</subfield>
    <subfield code="k">028.7071173 NEW</subfield>
  </datafield>
  <datafield tag="999" ind1=" " ind2=" ">
    <subfield code="c">22398</subfield>
    <subfield code="d">22370</subfield>
  </datafield>
  <datafield tag="952" ind1=" " ind2=" ">
    <subfield code="0">0</subfield>
    <subfield code="1">0</subfield>
    <subfield code="2">ddc</subfield>
    <subfield code="4">0</subfield>
    <subfield code="7">0</subfield>
    <subfield code="8">Baccah</subfield>
    <subfield code="a">MAIN</subfield>
    <subfield code="b">MAIN</subfield>
    <subfield code="c">LOW</subfield>
    <subfield code="d">2016-09-25</subfield>
    <subfield code="e">Purchase</subfield>
    <subfield code="g">430.00</subfield>
    <subfield code="l">3</subfield>
    <subfield code="m">25</subfield>
    <subfield code="o">028.7071173 NEW</subfield>
    <subfield code="p">000033501</subfield>
    <subfield code="q">2026-05-19</subfield>
    <subfield code="r">2021-09-05 00:00:00</subfield>
    <subfield code="s">2021-09-05</subfield>
    <subfield code="y">BB</subfield>
  </datafield>
</record>
